Spanish-Speaking Cities - Statistics

General Stats
  • This quiz has been taken 26 times
  • The average score is 11 of 17
Answer Stats
Hint Answer % Correct
Largest city in North America Mexico City
100%
Name translated to 'Fair Winds' Buenos Aires
84%
Two-word legislative and executive capital of Bolivia La Paz
80%
Home to Antoni Gaudí's Park Güell Barcelona
76%
Famous for being visually stuck in 1950's communism Havana
76%
Translates to "assumption", with Guaraní as another official language Asunción
72%
Capital of Southeast Asian country that was formerly a Spanish colony Manila
72%
Former capital of the Incan Empire Cuzco
64%
Nicaraguan capital city named for its adjacent lake Managua
64%
Site of the Running of the Bulls festival Pamplona
64%
City just south of San Diego, United States Tijuana
60%
City on west coast of Colombia and east coast of Spain with the same name, similar to a sweater Cartagena
56%
Shares its name with a widely disliked legume Lima
56%
Famous for its onions and oranges Valencia
56%
Capital of the only Spanish-speaking country in Africa Malabo
36%
Dominican resort town on the easternmost tip Punta Cana
36%
Former capital of Moorish Empire Córdoba
28%
No matching quizzes found
Score Distribution
Percent of People with Each Score
Percentile by Number Answered
Your Score History
You have not taken this quiz